000 01139nam a2200289Ia 4500
001 B3286
003 IT-RoPAU
008 130308s9999 xx 000 0 und d
040 _aIT-RoPAU
040 _cIT-RoPAU
041 _aITALIANO
100 _aAscione Ciro
100 _gCodice Aut. SPICS: 37551
245 _aFilmare la…
245 _bFelicita' Eterna (La)-La rappresentazione della Morte nella tv e Nei Media
250 _a1a ed.
260 _aTORINO
260 _bERI - Edizioni Rai
260 _c1992 [1° Ed.:1992 - Ed.Ling.Originale:1992]
300 _a"19 p. (prefazione: no ; testo: 19 [pagine: 235-253])"
500 _aCinema Uccide. Ruota del Prater (La Morte Spettacolarizzata). Protesi, Suicidio, Condanne e Autocondanne (Sfida Vita e Morte). dottor Hyde e Mr. Kildare (Utopia dell'Immortalita'). Rimozioni. Generi della catastrofe (Fine dei Tempi). vecchio del sogno (Morte Naturale). Necrofilia di Massa (Morte Eccellente). bellezza del Morto. Bibliografia.
650 _aSOCIOLOGIA DELLA COMUNICAZIONE SOCIALE
650 _eCodice materia Spics: 3806
942 _cBK
957 _71
999 _c80232
_d80232
999 _g1